| Tag |
First Indicator |
Second Indicator |
Subfields |
| LEADER |
00000cam a2200000 a 4500 |
| 001 |
in00001251908 |
| 005 |
20151003081939.0 |
| 008 |
870826s1986 sz i001 0 eng d |
| 020 |
|
|
|a 2880320917
|
| 035 |
|
|
|a (OCoLC)19403218
|
| 035 |
|
|
|9 AGU5284AM
|
| 040 |
|
|
|a MNP
|c MNP
|d YAM
|d UtOrBLW
|
| 041 |
0 |
|
|a eng
|a fre
|
| 043 |
|
|
|a f------
|
| 049 |
|
|
|a TXAM
|
| 090 |
|
|
|a K3525.A35
|b A37 1986
|
| 245 |
0 |
0 |
|a African wildlife laws /
|c by the IUCN Environmental Law Centre, with the assistance of Cyrille de Klemm, Barbara Lausche.
|
| 264 |
|
1 |
|a [Gland, Switzerland] :
|b International Union for Conservation of Nature and Natural Resources,
|c [1986]
|
| 300 |
|
|
|a 1712 pages ;
|c 21 cm.
|
| 336 |
|
|
|a text
|b txt
|2 rdacontent
|
| 337 |
|
|
|a unmediated
|b n
|2 rdamedia
|
| 338 |
|
|
|a volume
|b nc
|2 rdacarrier
|
| 490 |
1 |
|
|a IUCN environmental policy & law occasional paper ;
|v no. 3
|
| 500 |
|
|
|a Imprint date from publisher's catalogue.
|
| 500 |
|
|
|a Some reports in French.
|
| 500 |
|
|
|a Includes indexes.
|
| 650 |
|
0 |
|a Wildlife conservation
|x Law and legislation
|z Africa.
|
| 700 |
1 |
|
|a Klemm, Cyrille de.
|
| 700 |
1 |
|
|a Lausche, Barbara J.
|
| 710 |
2 |
|
|a IUCN Environmental Law Centre.
|
| 710 |
2 |
|
|a International Union for Conservation of Nature and Natural Resources.
|
| 830 |
|
0 |
|a IUCN environmental policy & law occasional paper ;
|v no. 3.
|
| 999 |
|
|
|a MARS
|
| 999 |
f |
f |
|s d0d6d147-586d-36fb-8dba-77978a4d9f7c
|i a838364d-4320-3a8c-9f7a-42015679a229
|t 0
|
| 952 |
f |
f |
|p ric
|a Texas A&M University
|b Rellis Campus
|c Joint Library Facility
|d Remote Storage
|t 0
|e K3525.A35 A37 1986
|h Library of Congress classification
|i unmediated -- volume
|m A14819705915
|
| 998 |
f |
f |
|a K3525.A35 A37 1986
|t 0
|l Remote Storage
|